Obra reciente

Guardat en:
Dades bibliogràfiques
Autor principal: Lefever Herrera, Eva (Autor)
Format: Llibre
Idioma:espanyol
Publicat: Santiago Museo Nacional de Bellas Artes 1997
Matèries:
Etiquetes: Afegir etiqueta
Sense etiquetes, Sigues el primer a etiquetar aquest registre!

MARC

LEADER 00000nam a2200000 a 4500
001 UCK0193
003 CL-VaPUC
008 040915e19970000CL |||||||||||||||||spa|d
082 0 4 |a 750.983  |b LEF  |2 21 
100 0 |a Lefever Herrera, Eva  |e author  |9 488082 
245 1 0 |a Obra reciente 
300 |a 76 p 
942 |c BK 
945 |d 20040915 00:00:00  |a cmena 
260 |a Santiago  |b Museo Nacional de Bellas Artes  |c 1997 
500 |a Exposición Museo Nacional de Bellas Artes, 10 de abril al 11 de mayo de 1997 
650 0 |a Artistas chilenos  |9 344566 
650 0 |a Pintura chilena  |9 266171 
650 0 |a Exposiciones  |9 265884 
583 |a last modification  |c 20040915 00:00:00  |k Rodrigo Vera 
999 |c 310683  |d 310681 
952 |0 0  |1 0  |4 0  |6 750_983000000000000_LEF_1997  |7 0  |8 R  |9 379573  |a BIBART  |b BIBART  |d 2019-11-21  |i 4060881  |o 750.983 LEF 1997  |p 4060881  |r 2025-03-13  |w 2019-11-21  |y BK_R  |k ART